| 000 | 00631nam a22002057a 4500 | ||
|---|---|---|---|
| 999 |
_c20863 _d20863 |
||
| 003 | AR-CdUCM | ||
| 008 | 190402b ||||| |||| 00| 0 spa d | ||
| 040 |
_aMUNICIPALIDAD PROVINCIAL DEL CUSCO _cBIBLIOTECA MUNICIPAL DEL CUSCO |
||
| 082 |
_aEP / 372.64 / _bB36 |
||
| 110 |
_aMosaico de colores _943560 |
||
| 245 |
_aLa bella durmiente : _bLa cenicienta / |
||
| 260 |
_bVasco Americana, _aEspaƱa : _c1963. |
||
| 300 |
_bIlustraciones, _c34 cm. |
||
| 440 |
_aMosaico de colores _943561 |
||
| 505 | _aContenidos : cuentos. | ||
| 650 |
_aLiteratura infantil _9588 |
||
| 650 |
_aCuento _94671 |
||
| 942 |
_2ddc _cLIBROS |
||
| 945 | _arcc | ||